[Event "30. Open Pula 2016"]
[Site "Pula CRO"]
[Date "2016.09.16"]
[Round "8.12"]
[White "Schaffert, Walter"]
[Black "Fucak, Emilio Milko"]
[Result "1-0"]
[WhiteElo "2099"]
[BlackElo "2208"]
[PlyCount "53"]
[EventDate "2016.09.10"]
[EventType "swiss"]
[EventRounds "9"]
[EventCountry "CRO"]
[SourceTitle "Ajedrez en Madrid"]
[Source "lmi"]
[SourceDate "2016.09.10"]
[SourceVersion "1"]
[SourceVersionDate "2017.04.19"]
[SourceQuality "1"]

1. e4 e6 2. d3 d5 3. Nd2 Nf6 4. Ngf3 Nc6 5. c3 e5 6. Be2 a5 7. O-O Bc5 8. Nxe5
Nxe5 9. d4 Nc6 10. exd5 Bxd4 11. dxc6 Bb6 12. cxb7 Bxb7 13. Bf3 Bxf3 14. Re1+
Be4 15. Nxe4 O-O 16. Qxd8 Rfxd8 17. Nxf6+ gxf6 18. Bh6 f5 19. Re5 Rd6 20. Bf4
Rad8 21. Kf1 f6 22. Rxf5 Rd1+ 23. Rxd1 Rxd1+ 24. Ke2 Rb1 25. Rb5 Kf7 26. c4 a4
27. a3 1-0

[Event "30. Open Pula 2016"]
[Site "Pula CRO"]
[Date "2016.09.16"]
[Round "8.13"]
[White "Bozic, Marjan"]
[Black "Ciganovic, Nikola"]
[Result "1/2-1/2"]
[WhiteElo "2085"]
[BlackElo "2206"]
[PlyCount "102"]
[EventDate "2016.09.10"]
[EventType "swiss"]
[EventRounds "9"]
[EventCountry "CRO"]
[SourceTitle "Ajedrez en Madrid"]
[Source "lmi"]
[SourceDate "2016.09.10"]
[SourceVersion "1"]
[SourceVersionDate "2017.04.19"]
[SourceQuality "1"]

1. e4 e5 2. Nf3 Nc6 3. Bb5 a6 4. Bxc6 dxc6 5. O-O f6 6. d4 Bg4 7. dxe5 Qxd1 8.
Rxd1 fxe5 9. Rd3 Bd6 10. Bg5 h6 11. Bh4 Ne7 12. Nbd2 Ng6 13. Bg3 b5 14. Nh4
Nxh4 15. Bxh4 g5 16. Bg3 Ke7 17. c4 Rhd8 18. Nf3 bxc4 19. Rc3 Bxf3 20. Rxf3
Rab8 21. b3 cxb3 22. axb3 Rb6 23. h4 Rf8 24. Rc3 Ke6 25. Rd1 a5 26. Rdd3 gxh4
27. Bxh4 Rf4 28. Rh3 Rxe4 29. Bg3 a4 30. Rxh6+ Kd5 31. bxa4 Rxa4 32. Rh5 c5 33.
Rc1 Kd4 34. Rd1+ Kc3 35. Bxe5+ Bxe5 36. Rxe5 c4 37. Re2 Rb2 38. Rc1+ Kb3 39.
Re3+ Kb4 40. Rec3 Kc5 41. g4 Rab4 42. g5 R2b3 43. R3c2 Rb2 44. Rc3 R2b3 45.
R3c2 Rf3 46. Kh2 Kd4 47. Rd1+ Ke4 48. Rdc1 Kd4 49. Rd1+ Ke4 50. Rdc1 Kd4 51.
Rd1+ Ke4 1/2-1/2

[Event "30. Open Pula 2016"]
[Site "Pula CRO"]
[Date "2016.09.16"]
[Round "8.14"]
[White "Skok, Boris"]
[Black "Kljako, Damir"]
[Result "1/2-1/2"]
[WhiteElo "2001"]
[BlackElo "2157"]
[PlyCount "27"]
[EventDate "2016.09.10"]
[EventType "swiss"]
[EventRounds "9"]
[EventCountry "CRO"]
[SourceTitle "Ajedrez en Madrid"]
[Source "lmi"]
[SourceDate "2016.09.10"]
[SourceVersion "1"]
[SourceVersionDate "2017.04.19"]
[SourceQuality "1"]

1. d4 g6 2. Nf3 Bg7 3. c3 c5 4. g3 cxd4 5. cxd4 Nf6 6. Nc3 O-O 7. Bg2 d5 8. O-O
Nc6 9. h3 a6 10. Bf4 b5 11. Rc1 Bb7 12. Ne5 Nxe5 13. Bxe5 Rc8 14. Qb3 1/2-1/2

[Event "30. Open Pula 2016"]
[Site "Pula CRO"]
[Date "2016.09.16"]
[Round "8.16"]
[White "Muskardin, Mario"]
[Black "Murko, David"]
[Result "0-1"]
[WhiteElo "2280"]
[BlackElo "2103"]
[PlyCount "68"]
[EventDate "2016.09.10"]
[EventType "swiss"]
[EventRounds "9"]
[EventCountry "CRO"]
[SourceTitle "Ajedrez en Madrid"]
[Source "lmi"]
[SourceDate "2016.09.10"]
[SourceVersion "1"]
[SourceVersionDate "2017.04.19"]
[SourceQuality "1"]

1. Nf3 d5 2. d4 Nf6 3. Bf4 c5 4. e3 Nc6 5. c3 Qb6 6. Qb3 c4 7. Qc2 Bf5 8. Qc1
e6 9. Be2 h6 10. O-O Be7 11. Nbd2 O-O 12. Re1 Qd8 13. Bd1 b5 14. Bc2 Bxc2 15.
Qxc2 Bd6 16. Bg3 Bxg3 17. hxg3 Qc7 18. e4 b4 19. exd5 exd5 20. Ne5 bxc3 21.
Qxc3 Rfe8 22. b3 Nxe5 23. dxe5 Ng4 24. bxc4 Nxe5 25. c5 Rac8 26. Qd4 Nc6 27.
Qg4 Re7 28. Rxe7 Nxe7 29. Rc1 Qa5 30. Nb3 Qxa2 31. Nd4 Qa3 32. Re1 Rxc5 33. Re3
Rc1+ 34. Kh2 Qa1 0-1

[Event "30. Open Pula 2016"]
[Site "Pula CRO"]
[Date "2016.09.16"]
[Round "8.17"]
[White "Thuesen, Mogens"]
[Black "Zickelbein, Eva Maria"]
[Result "1-0"]
[WhiteElo "2196"]
[BlackElo "2026"]
[PlyCount "47"]
[EventDate "2016.09.10"]
[EventType "swiss"]
[EventRounds "9"]
[EventCountry "CRO"]
[SourceTitle "Ajedrez en Madrid"]
[Source "lmi"]
[SourceDate "2016.09.10"]
[SourceVersion "1"]
[SourceVersionDate "2017.04.19"]
[SourceQuality "1"]

1. d4 d6 2. e4 Nf6 3. Nc3 e5 4. Nf3 Nbd7 5. Be2 Be7 6. O-O O-O 7. Re1 c6 8. a4
b6 9. h3 a6 10. Bg5 Bb7 11. Qd2 Qc7 12. Nh4 Rfe8 13. Nf5 Bf8 14. dxe5 dxe5 15.
Rad1 b5 16. Qe3 Re6 17. Qg3 Nc5 18. Bd3 Nxd3 19. Rxd3 b4 20. Nb1 c5 21. Nd2 c4
22. Rf3 Ne8 23. Nh6+ gxh6 24. Bd8+ 1-0

[Event "30. Open Pula 2016"]
[Site "Pula CRO"]
[Date "2016.09.16"]
[Round "8.18"]
[White "Saradjen, Janko"]
[Black "Mis, Mieszko"]
[Result "1/2-1/2"]
[WhiteElo "2010"]
[BlackElo "2194"]
[PlyCount "121"]
[EventDate "2016.09.10"]
[EventType "swiss"]
[EventRounds "9"]
[EventCountry "CRO"]
[SourceTitle "Ajedrez en Madrid"]
[Source "lmi"]
[SourceDate "2016.09.10"]
[SourceVersion "1"]
[SourceVersionDate "2017.04.19"]
[SourceQuality "1"]

1. e4 c5 2. Nf3 Nc6 3. d4 cxd4 4. c3 Nf6 5. Bd3 d5 6. e5 Ne4 7. O-O dxc3 8.
Nxc3 Nxc3 9. bxc3 Bg4 10. Re1 e6 11. Bf4 Be7 12. Be2 O-O 13. Nd4 Bxe2 14. Qxe2
Nxd4 15. cxd4 Rc8 16. Qg4 Re8 17. Bh6 Bf8 18. Re3 Rc7 19. Bg5 Be7 20. Bh6 Bf8
21. Bg5 Qc8 22. Rh3 Rc3 23. Be3 g6 24. Qh4 h5 25. Qf4 Bg7 26. g4 hxg4 27. Qxg4
Qc4 28. Rg3 Qd3 29. Rf3 Bh6 30. Kg2 Qe4 31. Qxe4 dxe4 32. Rh3 Bxe3 33. Rxe3
Rxe3 34. fxe3 Rc8 35. Kg3 Rc2 36. h3 g5 37. a4 Re2 38. Ra3 Kg7 39. h4 Kg6 40.
hxg5 Kxg5 41. a5 b6 42. axb6 axb6 43. Rb3 b5 44. Rc3 b4 45. Rb3 Kf5 46. Kh4 Rd2
47. Rb1 Rh2+ 48. Kg3 Re2 49. Kh4 Rxe3 50. Rxb4 Rd3 51. Rb7 Rxd4 52. Rxf7+ Kxe5
53. Kg3 Rd3+ 54. Kg2 Rb3 55. Ra7 Kf4 56. Kf2 Rb2+ 57. Ke1 Kf3 58. Rf7+ Ke3 59.
Kd1 Rd2+ 60. Ke1 Rb2 61. Re7 1/2-1/2

[Event "30. Open Pula 2016"]
[Site "Pula CRO"]
[Date "2016.09.16"]
[Round "8.19"]
[White "Kersic, Matej"]
[Black "Bradaric, Ratomir"]
[Result "1-0"]
[WhiteElo "2129"]
[BlackElo "1994"]
[PlyCount "122"]
[EventDate "2016.09.10"]
[EventType "swiss"]
[EventRounds "9"]
[EventCountry "CRO"]
[SourceTitle "Ajedrez en Madrid"]
[Source "lmi"]
[SourceDate "2016.09.10"]
[SourceVersion "1"]
[SourceVersionDate "2017.04.19"]
[SourceQuality "1"]

1. e4 e5 2. Nf3 Nc6 3. Bb5 Bc5 4. O-O d6 5. c3 Bd7 6. d4 exd4 7. cxd4 Bb6 8.
Nc3 a6 9. Ba4 Nge7 10. h3 O-O 11. Be3 Ng6 12. Rc1 h6 13. Qd2 Nh4 14. Bd1 Nxf3+
15. Bxf3 Qh4 16. Nd5 f5 17. g3 Qd8 18. exf5 Bxf5 19. Bg2 Qd7 20. g4 Bh7 21.
Nxb6 cxb6 22. f4 Rae8 23. f5 Qe7 24. Rce1 Qf6 25. Bf2 Kh8 26. Rxe8 Rxe8 27. Re1
Rxe1+ 28. Qxe1 Bg8 29. Qe4 Bxa2 30. h4 Ne7 31. Qxb7 b5 32. Qxa6 Bc4 33. Qb7 Be2
34. Qa8+ Kh7 35. Qe4 Bc4 36. g5 hxg5 37. hxg5 Qxg5 38. Bh4 Qc1+ 39. Kh2 Nd5 40.
f6+ g6 41. f7 Kg7 42. f8=Q+ Kxf8 43. Qxg6 Qe3 44. Qxd6+ Ne7 45. Qf6+ Ke8 46.
Qh8+ Kf7 47. Qh7+ Ke8 48. Qh5+ Kd7 49. Qg4+ Ke8 50. Qf3 Qh6 51. Kg3 Bd5 52. Qg4
Qd6+ 53. Kf2 Be6 54. Qh5+ Kf8 55. Qh8+ Ng8 56. Qe5 Qd7 57. d5 Qf7+ 58. Ke3 Bd7
59. Qf4 Qxf4+ 60. Kxf4 Kf7 61. Ke5 Nh6 1-0

[Event "30. Open Pula 2016"]
[Site "Pula CRO"]
[Date "2016.09.16"]
[Round "8.20"]
[White "Kukurin, Luka"]
[Black "Roth, Josef"]
[Result "1-0"]
[WhiteElo "2027"]
[BlackElo "2087"]
[PlyCount "49"]
[EventDate "2016.09.10"]
[EventType "swiss"]
[EventRounds "9"]
[EventCountry "CRO"]
[SourceTitle "Ajedrez en Madrid"]
[Source "lmi"]
[SourceDate "2016.09.10"]
[SourceVersion "1"]
[SourceVersionDate "2017.04.19"]
[SourceQuality "1"]

1. e4 c5 2. Nc3 e6 3. f4 a6 4. Nf3 Nc6 5. g3 d5 6. d3 Nf6 7. e5 Nd7 8. Bg2 Be7
9. O-O O-O 10. Ne2 b5 11. Kh1 Bb7 12. d4 b4 13. f5 exf5 14. e6 Nf6 15. exf7+
Kh8 16. Nf4 Qd7 17. Ne5 Qd6 18. Re1 cxd4 19. Neg6+ hxg6 20. Re6 Qd7 21. Nxg6+
Kh7 22. Rxf6 gxf6 23. Qh5+ Kg7 24. Bh6+ Kxf7 25. Nxf8+ 1-0

[Event "30. Open Pula 2016"]
[Site "Pula CRO"]
[Date "2016.09.17"]
[Round "9.1"]
[White "Jovanic, Ognjen"]
[Black "Ostovic, Matija"]
[Result "1-0"]
[WhiteElo "2433"]
[BlackElo "2337"]
[PlyCount "75"]
[EventDate "2016.09.10"]
[EventType "swiss"]
[EventRounds "9"]
[EventCountry "CRO"]
[SourceTitle "Ajedrez en Madrid"]
[Source "lmi"]
[SourceDate "2016.09.10"]
[SourceVersion "1"]
[SourceVersionDate "2017.04.19"]
[SourceQuality "1"]

1. d4 Nf6 2. Nf3 g6 3. Bf4 Bg7 4. e3 d6 5. Be2 O-O 6. h3 c5 7. c3 cxd4 8. exd4
b6 9. O-O Bb7 10. Nbd2 Nbd7 11. a4 Re8 12. Bh2 a6 13. Qb3 e5 14. dxe5 Nc5 15.
Qa2 dxe5 16. Bc4 Nd5 17. Nb3 Qe7 18. Rfe1 e4 19. Nfd4 e3 20. f3 b5 21. Nxc5
Qxc5 22. Be2 Nxc3 23. bxc3 Qxc3 24. Nb3 Qb4 25. Rab1 Qxa4 26. Qxa4 bxa4 27. Na5
Bd5 28. Nc4 Bxc4 29. Bxc4 a3 30. Rb7 e2 31. Bxf7+ Kh8 32. Bd6 Bd4+ 33. Kh1 Bc3
34. Bxa3 Re5 35. Bb2 Rc8 36. Bxc3 Rxc3 37. Rb2 Rce3 38. Bc4 1-0

[Event "30. Open Pula 2016"]
[Site "Pula CRO"]
[Date "2016.09.17"]
[Round "9.2"]
[White "Molnar, Bela"]
[Black "Fercec, Nenad"]
[Result "1/2-1/2"]
[WhiteElo "2290"]
[BlackElo "2441"]
[PlyCount "43"]
[EventDate "2016.09.10"]
[EventType "swiss"]
[EventRounds "9"]
[EventCountry "CRO"]
[SourceTitle "Ajedrez en Madrid"]
[Source "lmi"]
[SourceDate "2016.09.10"]
[SourceVersion "1"]
[SourceVersionDate "2017.04.19"]
[SourceQuality "1"]

1. e4 c5 2. Nc3 Nc6 3. Nf3 d6 4. d4 cxd4 5. Nxd4 Nf6 6. Bc4 Bd7 7. Bb3 g6 8. f3
Nxd4 9. Qxd4 Bg7 10. Bg5 O-O 11. Qe3 a5 12. a4 Bc6 13. O-O Nd7 14. Nd5 Bxd5 15.
Bxd5 Bxb2 16. Rab1 Bf6 17. Bxf6 Nxf6 18. Rxb7 Rc8 19. Bb3 Nd7 20. Rd1 Rb8 21.
Ra7 Ra8 22. Rb7 1/2-1/2

[Event "30. Open Pula 2016"]
[Site "Pula CRO"]
[Date "2016.09.17"]
[Round "9.3"]
[White "Krsnik Cohar, Ivan Vihor"]
[Black "Vasic, Bosko"]
[Result "1-0"]
[WhiteElo "2330"]
[BlackElo "2090"]
[PlyCount "91"]
[EventDate "2016.09.10"]
[EventType "swiss"]
[EventRounds "9"]
[EventCountry "CRO"]
[SourceTitle "Ajedrez en Madrid"]
[Source "lmi"]
[SourceDate "2016.09.10"]
[SourceVersion "1"]
[SourceVersionDate "2017.04.19"]
[SourceQuality "1"]

1. d4 Nf6 2. Nf3 e6 3. Bg5 c5 4. e3 b6 5. Nbd2 Bb7 6. c3 Be7 7. Bd3 O-O 8. Qe2
d6 9. O-O Nbd7 10. e4 Ng4 11. Bf4 e5 12. Bg3 Bf6 13. h3 Nh6 14. Nc4 Qe7 15.
dxe5 dxe5 16. Rad1 Kh8 17. Ne3 Rad8 18. Nd5 Bxd5 19. exd5 g6 20. d6 Qe6 21. Bc4
Qf5 22. Rfe1 Rfe8 23. Qe3 Bg7 24. Ng5 f6 25. Nf3 Qc2 26. Rd2 Qa4 27. Qd3 Qc6
28. Bb5 Qc8 29. Qc4 Qb7 30. Qa4 Rf8 31. b4 Nf5 32. Bc6 Qc8 33. b5 Nb8 34. Red1
a5 35. Bh2 Bh6 36. Rd3 Qe6 37. d7 Ne7 38. Rd6 Qf7 39. Rxf6 Qg8 40. Bxe5 Bg7 41.
Rxf8 Qxf8 42. Bxb8 Rxb8 43. Ng5 Rd8 44. Ne6 Qg8 45. Nxd8 Qxd8 46. Qe4 1-0

[Event "30. Open Pula 2016"]
[Site "Pula CRO"]
[Date "2016.09.17"]
[Round "9.4"]
[White "Zufic, Miroslav"]
[Black "Srbis, Jurica"]
[Result "1/2-1/2"]
[WhiteElo "2442"]
[BlackElo "2415"]
[PlyCount "117"]
[EventDate "2016.09.10"]
[EventType "swiss"]
[EventRounds "9"]
[EventCountry "CRO"]
[SourceTitle "Ajedrez en Madrid"]
[Source "lmi"]
[SourceDate "2016.09.10"]
[SourceVersion "1"]
[SourceVersionDate "2017.04.19"]
[SourceQuality "1"]

1. e4 e5 2. Bc4 Nf6 3. d3 c6 4. Nf3 Be7 5. O-O d6 6. a4 O-O 7. Nbd2 d5 8. Ba2
Nbd7 9. Re1 Bc5 10. h3 Qb6 11. a5 Qc7 12. exd5 cxd5 13. d4 exd4 14. Nb3 Bb4 15.
Bd2 Bxd2 16. Qxd2 Nc5 17. Nxc5 Qxc5 18. Bb3 Bf5 19. Qxd4 b6 20. Re3 Be4 21. Rc3
Qd6 22. Qe5 Qxe5 23. Nxe5 Rac8 24. Rxc8 Rxc8 25. axb6 axb6 26. Nc6 Kf8 27. Nd4
g5 28. f3 Bg6 29. Ra6 Rb8 30. Kf2 h5 31. g4 hxg4 32. hxg4 Rb7 33. Ra8+ Ke7 34.
Ba4 b5 35. Bb3 Rb6 36. Ke3 Kd6 37. Ra5 b4 38. Kd2 Ke5 39. Ke3 Kd6 40. Ba4 Ng8
41. Ra7 Nf6 42. Nb5+ Ke5 43. Nd4 Kd6 44. Ra8 Bh7 45. Rd8+ Ke7 46. Rc8 Kd6 47.
Rd8+ Ke7 48. Rc8 Kd6 49. Ra8 Bg6 50. Ra7 Kc5 51. Nf5 Re6+ 52. Kd3 Kb6 53. Ra8
Bxf5+ 54. gxf5 Re5 55. Rb8+ Ka5 56. Ra8+ Kb6 57. Rb8+ Ka5 58. Ra8+ Kb6 59. Rb8+
1/2-1/2

[Event "30. Open Pula 2016"]
[Site "Pula CRO"]
[Date "2016.09.17"]
[Round "9.5"]
[White "Stock, Andreas"]
[Black "Loncar, Robert"]
[Result "0-1"]
[WhiteElo "2046"]
[BlackElo "2389"]
[PlyCount "98"]
[EventDate "2016.09.10"]
[EventType "swiss"]
[EventRounds "9"]
[EventCountry "CRO"]
[SourceTitle "Ajedrez en Madrid"]
[Source "lmi"]
[SourceDate "2016.09.10"]
[SourceVersion "1"]
[SourceVersionDate "2017.04.19"]
[SourceQuality "1"]

1. c4 e5 2. Nc3 Nc6 3. Nf3 Nf6 4. e4 Bb4 5. d3 d6 6. Be2 Bg4 7. Be3 Bxf3 8.
Bxf3 O-O 9. O-O Bc5 10. a3 a5 11. Nb5 Re8 12. Re1 Nd7 13. Bg4 Nf8 14. Rc1 Ne6
15. Bxe6 Rxe6 16. Qd2 Qd7 17. f3 a4 18. d4 exd4 19. Nxd4 Nxd4 20. Bxd4 Qc6 21.
Red1 Re5 22. Bxc5 Rxc5 23. Qd3 Rb8 24. Qd4 h6 25. Rc3 Qb6 26. Rd2 Re8 27. g4
Qc6 28. Qf2 Rxc4 29. Rxc4 Qxc4 30. Rc2 Qb3 31. Rxc7 d5 32. Rc3 Qd1+ 33. Qf1
Qxf1+ 34. Kxf1 dxe4 35. Re3 Re6 36. fxe4 Rb6 37. Re2 f6 38. h4 Rb3 39. Kg2 Kf7
40. g5 hxg5 41. hxg5 fxg5 42. e5 Ke6 43. Kf1 Rf3+ 44. Kg2 Rf5 45. Re4 b5 46.
Rb4 Rxe5 47. b3 Re2+ 48. Kf1 Rb2 49. Rxb5 Rxb3 0-1

[Event "30. Open Pula 2016"]
[Site "Pula CRO"]
[Date "2016.09.17"]
[Round "9.6"]
[White "Hresc, Vladimir"]
[Black "Berke, Ana"]
[Result "1/2-1/2"]
[WhiteElo "2354"]
[BlackElo "2128"]
[PlyCount "136"]
[EventDate "2016.09.10"]
[EventType "swiss"]
[EventRounds "9"]
[EventCountry "CRO"]
[SourceTitle "Ajedrez en Madrid"]
[Source "lmi"]
[SourceDate "2016.09.10"]
[SourceVersion "1"]
[SourceVersionDate "2017.04.19"]
[SourceQuality "1"]

1. e4 c5 2. Nf3 d6 3. Bb5+ Bd7 4. Bxd7+ Qxd7 5. O-O Nf6 6. Re1 Nc6 7. c3 e6 8.
d4 cxd4 9. cxd4 d5 10. e5 Ne4 11. Nc3 Nxc3 12. bxc3 Be7 13. Bg5 h6 14. Bxe7
Qxe7 15. Nd2 O-O 16. f4 f5 17. exf6 Rxf6 18. Qe2 Qd6 19. g3 Rc8 20. Nb3 b6 21.
Qd3 Qa3 22. Re2 Na5 23. Rb1 Nc4 24. Rbe1 Qd6 25. Nd2 Nxd2 26. Rxd2 Rc4 27. Re3
b5 28. Rde2 b4 29. cxb4 Qb6 30. Rd2 Rxb4 31. Kg2 a5 32. Re5 a4 33. Re1 Rf8 34.
Qe3 Rf6 35. Rc1 Rc4 36. Re1 Rb4 37. Ree2 Rg6 38. Qe5 Rf6 39. f5 Rxf5 40. Qxe6+
Qxe6 41. Rxe6 h5 42. Rc6 Rf6 43. Rxf6 gxf6 44. Kf3 Kf7 45. h4 Kg6 46. Kf4 Rb1
47. Kf3 Kf5 48. Rf2 Re1 49. Kg2+ Ke4 50. Rxf6 Kxd4 51. Rf4+ Re4 52. Rf5 Re2+
53. Kf3 Rxa2 54. Rxh5 a3 55. Rh8 Rh2 56. Ra8 a2 57. h5 Kc3 58. h6 Kb2 59. Rb8+
Kc1 60. Ra8 Kb1 61. Rb8+ Kc1 62. Ra8 Kb1 63. Rb8+ Kc2 64. Ra8 Kb1 65. Rb8+ Kc1
66. Ra8 Kb1 67. Rb8+ Kc1 68. Ra8 Kb1 1/2-1/2

[Event "30. Open Pula 2016"]
[Site "Pula CRO"]
[Date "2016.09.17"]
[Round "9.7"]
[White "Murko, David"]
[Black "Zierke, Oliver"]
[Result "1-0"]
[WhiteElo "2103"]
[BlackElo "2238"]
[PlyCount "59"]
[EventDate "2016.09.10"]
[EventType "swiss"]
[EventRounds "9"]
[EventCountry "CRO"]
[SourceTitle "Ajedrez en Madrid"]
[Source "lmi"]
[SourceDate "2016.09.10"]
[SourceVersion "1"]
[SourceVersionDate "2017.04.19"]
[SourceQuality "1"]

1. e4 c5 2. Nf3 d6 3. d4 cxd4 4. Nxd4 Nf6 5. Nc3 Nc6 6. Bc4 Qb6 7. Ndb5 a6 8.
Be3 Qa5 9. Nd4 e6 10. O-O Be7 11. Bb3 O-O 12. f4 Qc7 13. f5 e5 14. Nde2 Na5 15.
Nd5 Nxd5 16. Bxd5 Nc4 17. Bxc4 Qxc4 18. Nc3 b5 19. Nd5 Bd8 20. Qg4 f6 21. Rf3
Bb7 22. Rd1 Qxc2 23. Nc3 h5 24. Qxh5 Qxb2 25. Bh6 Bb6+ 26. Kh1 Rf7 27. Rg3 Bd8
28. Bxg7 Rxg7 29. Qe8+ Kh7 30. Rh3# 1-0

[Event "30. Open Pula 2016"]
[Site "Pula CRO"]
[Date "2016.09.17"]
[Round "9.8"]
[White "Licardo, Renato"]
[Black "Schaffert, Walter"]
[Result "1-0"]
[WhiteElo "2215"]
[BlackElo "2099"]
[PlyCount "89"]
[EventDate "2016.09.10"]
[EventType "swiss"]
[EventRounds "9"]
[EventCountry "CRO"]
[SourceTitle "Ajedrez en Madrid"]
[Source "lmi"]
[SourceDate "2016.09.10"]
[SourceVersion "1"]
[SourceVersionDate "2017.04.19"]
[SourceQuality "1"]

1. e4 d5 2. exd5 Qxd5 3. Nf3 Nf6 4. Be2 Nc6 5. d4 Bg4 6. c4 Qd7 7. d5 Bxf3 8.
Bxf3 Ne5 9. O-O Nxc4 10. Nc3 Ne5 11. Be2 O-O-O 12. Bf4 Ng6 13. Bg3 Nxd5 14.
Nxd5 Qxd5 15. Qc2 c6 16. Rfd1 Qa5 17. b4 Qb6 18. Qf5+ e6 19. Qxf7 e5 20. Bh5
Bxb4 21. Bxg6 hxg6 22. Bxe5 Rhe8 23. Bg3 c5 24. Bh4 Rxd1+ 25. Rxd1 Qc6 26. Qxg7
c4 27. Qd4 Bc5 28. Qf4 b5 29. h3 c3 30. Bg3 Kb7 31. Qf7+ Re7 32. Qb3 b4 33. a3
a5 34. axb4 axb4 35. Ra1 Qb6 36. Qg8 Kc6 37. Qxg6+ Kb7 38. Qg8 Kc6 39. Qa8+ Kb5
40. Qd5 Qe6 41. Qd3+ Qc4 42. Ra5+ Kxa5 43. Qxc4 Kb6 44. Bf4 Ra7 45. Be3 1-0

[Event "30. Open Pula 2016"]
[Site "Pula CRO"]
[Date "2016.09.17"]
[Round "9.9"]
[White "Barthel, Ansgar"]
[Black "Glavas, Dragan"]
[Result "0-1"]
[WhiteElo "2211"]
[BlackElo "2274"]
[PlyCount "110"]
[EventDate "2016.09.10"]
[EventType "swiss"]
[EventRounds "9"]
[EventCountry "CRO"]
[SourceTitle "Ajedrez en Madrid"]
[Source "lmi"]
[SourceDate "2016.09.10"]
[SourceVersion "1"]
[SourceVersionDate "2017.04.19"]
[SourceQuality "1"]

1. e4 e6 2. d4 d5 3. Nc3 Bb4 4. e5 Ne7 5. Bd2 Bxc3 6. Bxc3 b6 7. Nf3 a5 8. Bd3
Ba6 9. O-O Bxd3 10. Qxd3 Nbc6 11. Bd2 h6 12. c3 a4 13. b4 Qd7 14. Rab1 Rb8 15.
c4 dxc4 16. Qxc4 b5 17. Qc5 Nd5 18. Rfc1 Nce7 19. Qc2 O-O 20. Qe4 Rfd8 21. Rc5
Nb6 22. Rd1 Nc4 23. Be1 c6 24. Rd3 Rbc8 25. h4 Qe8 26. g4 Kh8 27. Nd2 Nxd2 28.
Bxd2 Qg8 29. Rf3 Rf8 30. Rfc3 Qh7 31. f3 Rfd8 32. Rd3 Rd5 33. Rc2 Rcd8 34. Be3
Qxe4 35. fxe4 Rxe5 36. dxe5 Rxd3 37. Kf2 Ng6 38. Ke2 Ra3 39. Bc1 Rh3 40. Rxc6
Nxe5 41. Rc5 Rh2+ 42. Ke3 Rh3+ 43. Ke2 Nxg4 44. Rxb5 Nf6 45. Rb8+ Kh7 46. b5
Nxe4 47. b6 Nc3+ 48. Kf2 Nxa2 49. Be3 Rxh4 50. Rf8 Rb4 51. Rxf7 Nc3 52. Bf4
Rxb6 53. Be5 Ne4+ 54. Ke3 Nf6 55. Bxf6 Kg6 0-1

[Event "30. Open Pula 2016"]
[Site "Pula CRO"]
[Date "2016.09.17"]
[Round "9.10"]
[White "Ciganovic, Nikola"]
[Black "Skok, Boris"]
[Result "1-0"]
[WhiteElo "2206"]
[BlackElo "2001"]
[PlyCount "65"]
[EventDate "2016.09.10"]
[EventType "swiss"]
[EventRounds "9"]
[EventCountry "CRO"]
[SourceTitle "Ajedrez en Madrid"]
[Source "lmi"]
[SourceDate "2016.09.10"]
[SourceVersion "1"]
[SourceVersionDate "2017.04.19"]
[SourceQuality "1"]

1. e4 c5 2. Nf3 e6 3. d4 cxd4 4. Nxd4 Nc6 5. Nc3 Qc7 6. Be3 a6 7. Qf3 Ne5 8.
Qg3 h5 9. Nf5 f6 10. O-O-O g6 11. Nh4 g5 12. Bxg5 fxg5 13. Ng6 Rh7 14. Qxe5
Qxe5 15. Nxe5 b5 16. Bd3 Rg7 17. a4 d6 18. Nf3 bxa4 19. Nxa4 Rb8 20. b3 g4 21.
Nd4 Rc7 22. Nb2 Bg7 23. Bc4 Ke7 24. f4 Nf6 25. Rhe1 Nh7 26. f5 Be5 27. fxe6 Ng5
28. Nf5+ Kf6 29. Rf1 Bxb2+ 30. Kxb2 Ke5 31. Rd5+ Kxe4 32. Ng3+ Ke3 33. Rd3# 1-0

[Event "30. Open Pula 2016"]
[Site "Pula CRO"]
[Date "2016.09.17"]
[Round "9.11"]
[White "Slamar, Velimir"]
[Black "Thuesen, Mogens"]
[Result "1-0"]
[WhiteElo "2116"]
[BlackElo "2196"]
[PlyCount "75"]
[EventDate "2016.09.10"]
[EventType "swiss"]
[EventRounds "9"]
[EventCountry "CRO"]
[SourceTitle "Ajedrez en Madrid"]
[Source "lmi"]
[SourceDate "2016.09.10"]
[SourceVersion "1"]
[SourceVersionDate "2017.04.19"]
[SourceQuality "1"]

1. d4 d5 2. c4 e6 3. cxd5 exd5 4. Nc3 Nf6 5. Bg5 Be7 6. e3 O-O 7. Bd3 c6 8. Qc2
Nbd7 9. Nge2 Re8 10. O-O Nf8 11. f3 Nh5 12. Bxe7 Qxe7 13. e4 dxe4 14. fxe4 Bg4
15. Kh1 Rad8 16. Bc4 Ne6 17. d5 cxd5 18. exd5 Bxe2 19. Nxe2 Ng5 20. Nc3 Rd6 21.
Qf2 Rc8 22. Rae1 Qd8 23. Bb3 Rh6 24. Re5 f6 25. Rxg5 fxg5 26. d6+ Kh8 27. d7
Ng3+ 28. Qxg3 Qxd7 29. Rd1 Rf6 30. h3 Qf5 31. Nd5 Qf2 32. Qg4 Rff8 33. Qxg5
Qxb2 34. Ne7 h6 35. Ng6+ Kh7 36. Nxf8+ Rxf8 37. Qe7 Rf6 38. Qe4+ 1-0

[Event "30. Open Pula 2016"]
[Site "Pula CRO"]
[Date "2016.09.17"]
[Round "9.12"]
[White "Mestek, Igor"]
[Black "Voscilla, Adriano"]
[Result "1-0"]
[WhiteElo "2110"]
[BlackElo "2186"]
[PlyCount "41"]
[EventDate "2016.09.10"]
[EventType "swiss"]
[EventRounds "9"]
[EventCountry "CRO"]
[SourceTitle "Ajedrez en Madrid"]
[Source "lmi"]
[SourceDate "2016.09.10"]
[SourceVersion "1"]
[SourceVersionDate "2017.04.19"]
[SourceQuality "1"]

1. e4 e5 2. Nf3 Nc6 3. Bb5 a6 4. Ba4 d6 5. Bxc6+ bxc6 6. d4 f6 7. Be3 Ne7 8.
Nc3 Rb8 9. dxe5 fxe5 10. Qd3 Rxb2 11. Nxe5 dxe5 12. Qxd8+ Kxd8 13. O-O-O+ Ke8
14. Kxb2 Be6 15. Na4 Nc8 16. Nc5 Bc4 17. Kc3 Nb6 18. Nb7 Bxa2 19. Rd8+ Kf7 20.
Bxb6 cxb6 21. Ra1 1-0

[Event "30. Open Pula 2016"]
[Site "Pula CRO"]
[Date "2016.09.17"]
[Round "9.13"]
[White "Kljako, Damir"]
[Black "Kukurin, Luka"]
[Result "1/2-1/2"]
[WhiteElo "2157"]
[BlackElo "2027"]
[PlyCount "31"]
[EventDate "2016.09.10"]
[EventType "swiss"]
[EventRounds "9"]
[EventCountry "CRO"]
[SourceTitle "Ajedrez en Madrid"]
[Source "lmi"]
[SourceDate "2016.09.10"]
[SourceVersion "1"]
[SourceVersionDate "2017.04.19"]
[SourceQuality "1"]

1. d4 d5 2. c4 dxc4 3. Nc3 e5 4. e3 exd4 5. exd4 Bd6 6. Bxc4 Nf6 7. Nge2 O-O 8.
h3 h6 9. O-O a6 10. a4 Nc6 11. Be3 Bf5 12. Rc1 Qd7 13. Ng3 Bg6 14. Qf3 Rab8 15.
Rfd1 Kh7 16. Bd3 1/2-1/2